Kamienka žila športovým sviatkom

Bibliographic Details
Format: Article
Language:Slovak
PhysicalDescription:Fotogr.
ISSN:1338-0346
Subjects:

MARC

LEADER 00000nab a2200000 a 4500
001 vtls010344234
003 SK-MaSNL
005 20260305033350.0
008 120224c2012 xo wr 0 0slo
038 |a SLLK 
040 |a SLLK  |b slo  |c sllk  |e AACR2 
041 |a slo 
044 |a xo  |c SK 
080 |a 796.325  |2 2001 
245 0 0 |a Kamienka žila športovým sviatkom  |c [autor] (M.K.) 
300 |b Fotogr. 
611 2 7 |a Volejbalový turnaj o putovný pohár oslobodenia obce  |n (41. :  |d 2012 :  |c Kamienka, Slovensko)  |2 sllk  |9 1613780 
648 7 |a 2012  |2 snkbucl  |9 326619 
650 0 7 |a volejbal  |2 sllk  |9 3294 
651 7 |a Kamienka (Stará Ľubovňa, Slovensko)  |2 sllk  |9 163381 
651 7 |a Stará Ľubovňa (Slovensko : okres)  |2 sllk  |9 19196 
773 0 |t Ľubovnianske noviny  |g Roč. XXXVII, č. 7 (2012), s. 3  |x 1338-0346 
999 |c 3324013  |d 3325943